00405nam a2200157Ia 4500008004100000020001800041082001300059100002500072245003500097250000600132260002700138300001800165500002600183650001400209700002400223230524s9999 xx 000 0 und d a9789332581197 a660bACH aAchyutananda Acharya 0aText Book on Applied Chemistry a1 aCHENNAIbPearsonc2016 a"VIII,8.39p;" aQuantity Number: 345 aChemistry aBiswajit Samantaray